Manažment času pri práci z domu bakalárska práca

Gespeichert in:
Bibliographische Detailangaben
1. Verfasser: Gondová, Beáta
Körperschaft: Fakulta podnikového manažmentu EU. Katedra manažmentu
Weitere Verfasser: Čirčová, Vanda, 1997-
Format: Buch
Sprache:Slowakisch
Veröffentlicht: Bratislava 2024
Tags: Tag hinzufügen
Keine Tags, Fügen Sie das erste Tag hinzu!

MARC

LEADER 00000nbm a2200000 4500
001 0304064
005 20250210093621.0
041 0 |a slo 
044 |a SK 
245 1 0 |a Manažment času pri práci z domu  |b bakalárska práca  |c Beáta Gondová ; školiteľ: Vanda Čirčová 
264 1 |a Bratislava  |c 2024 
300 |a 92 s. 
100 1 |a Gondová, Beáta 
700 1 |a Čirčová, Vanda, 1997- 
710 2 |a Fakulta podnikového manažmentu EU. Katedra manažmentu